000 01192pab a2200169 454500
008 180718b2004 xxu||||| |||| 00| 0 eng d
100 _aThynne, Ian
245 _aPublic management and organizational autonomy: the continuing relevance of significant earlier knowledge
260 _c2004
300 _ap.609-21.
362 _aDec
520 _aA key theme of recent reforms in public management in various countries is the perceived need for many organizations in government to have a degree of legal and operational autonomy. In studying this and other aspects of the reforms, there is considerable merit in examining how the underlying ideas have been explored in earlier works. In this article, we argue that this is particularly relevant to the current interest in organizational autonomy. Pertinent ideas, issues and concerns were addressed several decades ago by scholars such as Macmahon, Seidman, Seiznick and Follett. The contributions of these scholars have continuing analytical value and deserve to be revisited. - Reproduced.
650 _aPublic administration
700 _aWettenhall, Roger
773 _aInternational Review of Administrative Sciences
909 _a64141
999 _c64141
_d64141